Banská Štiavnica kúpalisko na jazere Klinger

Zobrazenie: Pohľad z kopca na jazero. V strede jazera je čln s dvoma ľuďmi a v popredí plávajú traja ľudia. Na brehu je prístavisko s budovami, za ktorými je čiastočne zalesnený svah, na ktorom vpravo je budova. V popredí vľavo je časť stromov a v ľavom dolnom rohu je malý ihličnatý stromček...

Full description

Bibliographic Details
Format: Postcard
Language:Slovak
PhysicalDescription:1 pohľadnica čiernobiela 15 x 11 cm
Published: Martin Bratislava Osveta, n. p. PŠK - HSV 1958
Subjects:

MARC

LEADER 00000ckm a2200000 a 4500
001 vtls011566024
003 SK-MaSNL
005 20260512124555.0
007 kp bo
008 240131s1958 xo g kuslo
015 |a SNBG1958 
035 |a urn:nbn:sk:snk-km00blh5 
035 |a urn:nbn:sk:snk-km3lo1b 
035 |a 27B42828-F6BF-4ABA-B266-ADED5DBEFDBD 
040 |a SNK  |b slo  |c SNK  |e AACR2 
041 0 |a slo 
043 |a e-xo--- 
044 |a xo  |c SK 
072 7 |a 908(437)  |x Vlastiveda Česka a Slovenska  |2 konspekt 
080 |a 913(437.6)  |2 2011 
080 |a 725.1:613.47-026.912  |2 2011 
080 |a 556.55  |2 2011 
080 |a (084.121)  |2 2011 
080 |a 908(437.6)  |2 2011 
245 0 0 |a Banská Štiavnica  |h grafika  |b kúpalisko na jazere Klinger 
260 |a Martin  |b Osveta, n. p.  |a Bratislava  |b PŠK - HSV  |c 1958 
300 |a 1 pohľadnica  |b čiernobiela  |c 15 x 11 cm 
520 8 |a Zobrazenie: Pohľad z kopca na jazero. V strede jazera je čln s dvoma ľuďmi a v popredí plávajú traja ľudia. Na brehu je prístavisko s budovami, za ktorými je čiastočne zalesnený svah, na ktorom vpravo je budova. V popredí vľavo je časť stromov a v ľavom dolnom rohu je malý ihličnatý stromček 
650 0 7 |a jazerá  |2 SNKPH  |9 19987 
650 0 7 |a kúpaliská  |2 SNKPH  |9 4394 
651 7 |a Klinger (Slovensko : jazero)  |2 SNKPHgeo  |9 52722 
655 7 |a miestne pohľadnice  |2 SNKPH  |9 70510 
655 7 |a geografické pohľadnice  |2 SNKPH  |9 70522 
852 |a Slovenská národná knižnica 
958 |a GC 
958 |a GBN 
958 |a OND 
958 |a EUIPO 
999 |c 932313  |d 934243 
952 |a SNK  |b SNK  |y PREZ  |7 0  |p 17A1196072  |o snkSP 27017  |z Pohľadnica prešla poštou.  |0 0  |1 0  |4 0  |d 2016-07-11  |f 1  |l 0  |r 2026-02-24 08:52:57  |w 2026-02-24 
952 |a SNK  |b SNK  |y PREZ  |7 0  |p 17A1412045  |o snkSP 27017 D1  |0 0  |1 0  |4 0  |d 2020-06-19  |l 0  |r 2026-02-24 08:52:58  |w 2026-02-24 
952 |a SNK  |b SNK  |y PREZ  |7 0  |p 17A1412034  |o snkSP 27017 D2  |0 0  |1 0  |4 0  |d 2020-06-19  |l 0  |r 2026-02-24 08:52:58  |w 2026-02-24 
952 |a SNK  |b SNK  |y PREZ  |7 0  |p 17A1412155  |o snkSP 27017 D3  |0 0  |1 0  |4 0  |d 2020-06-19  |l 0  |r 2026-02-24 08:52:58  |w 2026-02-24